[Event "II Trofeo Principado de Asturias"]
[Site "Grado"]
[Date "2024.03.28"]
[Round "5.3"]
[White "Gonzalez Guedes, Iyan"]
[Black "Olson, Hamish"]
[Result "1/2-1/2"]
[WhiteElo "2280"]
[BlackElo "2359"]
[PlyCount "183"]
[EventDate "2024.03.25"]
[EventType "tourn"]
[EventRounds "9"]
[EventCountry "ESP"]

1. e4 e5 2. Nf3 Nc6 3. Bc4 Bc5 4. O-O Nf6 5. d3 d6 6. c3 a5 7. Re1 Ba7 8. Nbd2
O-O 9. Nf1 Ne7 10. Bb3 Ng6 11. h3 b5 12. d4 a4 13. Bc2 Re8 14. Ng3 Bd7 15. Bg5
h6 16. Be3 c5 17. Qd2 Kh7 18. dxc5 dxc5 19. Nf5 Bxf5 20. exf5 Nf8 21. Qe2 c4
22. Rad1 Qc7 23. Bc1 e4 24. Nd4 Bxd4 25. Rxd4 Rad8 26. Be3 N8d7 27. Red1 Nb6
28. Rxd8 Rxd8 29. Rxd8 Qxd8 30. Bd4 Nbd5 31. Bxe4 a3 32. Bf3 b4 33. bxa3 bxc3
34. Qxc4 Qa5 35. a4 h5 36. h4 Ng4 37. Bxg4 hxg4 38. g3 f6 39. Kf1 Kh8 40. h5
Kh7 41. Qc6 Ne7 42. Qb5 Qa8 43. Bxc3 Qh1+ 44. Ke2 Qf3+ 45. Kd2 Qxf2+ 46. Qe2
Qc5 47. Qxg4 Nxf5 48. Qg6+ Kh8 49. Qe8+ Kh7 50. Qe4 Qf2+ 51. Kc1 Kg8 52. g4 Ne3
53. Qe8+ Kh7 54. Qg6+ Kg8 55. Qe8+ Kh7 56. Qe4+ f5 57. gxf5 Qf1+ 58. Kb2 Qe2+
59. Kb3 Qd1+ 60. Kb4 Qd6+ 61. Kb5 Qb8+ 62. Kc5 Qa7+ 63. Kd6 Qb8+ 64. Kc5 Qa7+
65. Kb4 Qb6+ 66. Ka3 Qc5+ 67. Kb3 Nxf5 68. Bd4 Qc8 69. a5 Kh6 70. a6 Nxd4+ 71.
Qxd4 Qxa6 72. Qd5 Qb6+ 73. Kc4 Qa6+ 74. Kb4 Qb6+ 75. Qb5 Qd4+ 76. Kb3 Qd1+ 77.
Kb2 Qd2+ 78. Kb1 Qd1+ 79. Kb2 Qd2+ 80. Ka3 Qc3+ 81. Ka4 Qc2+ 82. Qb3 Qe4+ 83.
Kb5 Kxh5 84. Qh3+ Kg5 85. Qg3+ Kf6 86. Qd6+ Kf7 87. a4 Qb7+ 88. Qb6 Qxb6+ 89.
Kxb6 g5 90. Kc5 g4 91. Kd4 Ke6 92. Ke4 1/2-1/2

[Event "II Trofeo Principado de Asturias"]
[Site "Grado"]
[Date "2024.03.28"]
[Round "5.4"]
[White "Llaneza Vega, Marcos"]
[Black "Sanchez Vigon, David"]
[Result "1-0"]
[WhiteElo "2366"]
[BlackElo "2227"]
[PlyCount "61"]
[EventDate "2024.03.25"]
[EventType "tourn"]
[EventRounds "9"]
[EventCountry "ESP"]

1. c4 e6 2. Nf3 d5 3. d4 Nf6 4. Bg5 dxc4 5. e3 c5 6. Nc3 cxd4 7. exd4 Be7 8.
Bxc4 Nc6 9. O-O O-O 10. Rc1 a6 11. Bd3 Nb4 12. Bb1 b5 13. a3 Nbd5 14. Nxd5 Qxd5
15. Re1 Bb7 16. Qd3 g6 17. Rc7 Bd8 18. Rc5 Qd6 19. h4 Nd7 20. Rc3 Bf6 21. Bh6
Rfe8 22. h5 Rad8 23. hxg6 hxg6 24. Ng5 Qxd4 25. Qh3 Qd2 26. Rce3 Nc5 27. Nxf7
Nd3 28. R3e2 Nxf2 29. Qg3 Qxe1+ 30. Rxe1 Kxf7 31. Bxg6+ 1-0

[Event "II Trofeo Principado de Asturias"]
[Site "Grado"]
[Date "2024.03.28"]
[Round "5.5"]
[White "Lohia, Sohum"]
[Black "Bottazzi, Ulysse"]
[Result "1/2-1/2"]
[WhiteElo "2354"]
[BlackElo "2329"]
[PlyCount "85"]
[EventDate "2024.03.25"]
[EventType "tourn"]
[EventRounds "9"]
[EventCountry "ESP"]

1. e4 c5 2. Nf3 e6 3. d4 cxd4 4. Nxd4 Nc6 5. Nc3 Qc7 6. Be3 a6 7. a3 b5 8. Nxc6
Qxc6 9. h4 Bb7 10. h5 h6 11. Rh3 Nf6 12. e5 Nd5 13. Nxd5 Qxd5 14. Qxd5 Bxd5 15.
a4 b4 16. Rg3 f5 17. Bd3 Kf7 18. Rg6 Be7 19. Ke2 Rhc8 20. g4 Be4 21. gxf5 Bxf5
22. Bxf5 exf5 23. Kd3 Rc7 24. Rag1 Bf8 25. Bb6 Rb7 26. R1g3 Re8 27. Bd4 Re6 28.
Rg1 Rc7 29. R6g3 Rec6 30. c3 bxc3 31. bxc3 Kg8 32. Rf3 d6 33. e6 Re7 34. Re1 d5
35. Rxf5 Rcxe6 36. Rxe6 Rxe6 37. Rxd5 g6 38. hxg6 Rxg6 39. f4 Kf7 40. Ke4 Rc6
41. Rf5+ Ke8 42. Kd3 Be7 43. c4 1/2-1/2

[Event "II Trofeo Principado de Asturias"]
[Site "Grado"]
[Date "2024.03.28"]
[Round "6.1"]
[White "Martin Fuentes, Alberto"]
[Black "Lohia, Sohum"]
[Result "1/2-1/2"]
[WhiteElo "2372"]
[BlackElo "2354"]
[PlyCount "119"]
[EventDate "2024.03.25"]
[EventType "tourn"]
[EventRounds "9"]
[EventCountry "ESP"]

1. e4 e5 2. Nc3 Nf6 3. g3 Bc5 4. Bg2 O-O 5. h3 c6 6. d3 d5 7. exd5 cxd5 8. Nge2
h6 9. O-O Nc6 10. Kh2 d4 11. Ne4 Nxe4 12. dxe4 b6 13. f4 f6 14. f5 Ba6 15. Rf3
Qd7 16. Ng1 Rfd8 17. Bd2 Bb4 18. Bxb4 Nxb4 19. Qd2 Qe7 20. a3 Nc6 21. b4 Rac8
22. g4 Rd6 23. Rg3 Nd8 24. a4 Rdc6 25. Ra2 Rc3 26. b5 Rxg3 27. Kxg3 Bb7 28. Ne2
Nf7 29. c3 dxc3 30. Nxc3 Qc5 31. Nd1 Ng5 32. Nf2 Qc3+ 33. Qxc3 Rxc3+ 34. Kh2
Rc4 35. a5 Rb4 36. axb6 axb6 37. Ra7 Bxe4 38. Nxe4 Nxe4 39. Bxe4 Rxe4 40. Rb7
h5 41. Kg3 Rb4 42. Rxb6 Kh7 43. Rb8 Rb3+ 44. Kh4 hxg4 45. hxg4 e4 46. b6 e3 47.
Kg3 Rb2 48. b7 e2 49. Kf2 e1=N+ 50. Kxe1 Rb5 51. Ke2 Rb3 52. Kd2 Rb6 53. Kc3
Rb1 54. Kd4 Rd1+ 55. Ke3 Rb1 56. Kf4 Rb4+ 57. Kg3 Rb3+ 58. Kh4 Rb1 59. g5 fxg5+
60. Kxg5 1/2-1/2

[Event "II Trofeo Principado de Asturias"]
[Site "Grado"]
[Date "2024.03.28"]
[Round "6.2"]
[White "Martin Fuentes, Alberto"]
[Black "Alonso Garcia, Rene Marcial"]
[Result "1/2-1/2"]
[WhiteElo "2372"]
[BlackElo "2296"]
[PlyCount "136"]
[EventDate "2024.03.25"]
[EventType "tourn"]
[EventRounds "9"]
[EventCountry "ESP"]

1. e4 e6 2. d4 d5 3. Nd2 Nf6 4. e5 Nfd7 5. Bd3 c5 6. c3 Nc6 7. Ndf3 cxd4 8.
cxd4 f6 9. exf6 Nxf6 10. Nh3 Bb4+ 11. Bd2 Qa5 12. a3 Bxd2+ 13. Qxd2 Qxd2+ 14.
Kxd2 O-O 15. Nhg1 e5 16. dxe5 Ng4 17. Rf1 Ngxe5 18. Nxe5 Nxe5 19. Ne2 Nxd3 20.
Kxd3 b6 21. Kd2 Ba6 22. f3 Bxe2 23. Kxe2 Kf7 24. Kd3 Ke6 25. Rf2 Kd6 26. Re2
Rfe8 27. Rc2 Rac8 28. Rxc8 Rxc8 29. h4 g6 30. Re1 a5 31. f4 a4 32. g3 Rc5 33.
Re5 Rb5 34. Kc2 Rb3 35. Rg5 Rf3 36. h5 gxh5 37. Rxh5 Rxg3 38. Rxh7 Rf3 39. Rf7
b5 40. Rf8 Kc5 41. f5 Kc4 42. Rc8+ Kd4 43. Rf8 Rf2+ 44. Kb1 Kc4 45. Ka2 d4 46.
f6 Kd3 47. Kb1 Rf1+ 48. Ka2 Kd2 49. b3 Rf2 50. bxa4 Kc3+ 51. Kb1 d3 52. Rc8+
Kb3 53. Kc1 bxa4 54. Rd8 Rf1+ 55. Kd2 Rxf6 56. Rxd3+ Kb2 57. Rd7 Rc6 58. Rb7+
Kxa3 59. Rb8 Ka2 60. Rb7 a3 61. Rb8 Ka1 62. Rb7 a2 63. Rb8 Rh6 64. Kc1 Rh1+ 65.
Kc2 Rb1 66. Rc8 Rb2+ 67. Kc1 Rb1+ 68. Kc2 Rb2+ 1/2-1/2

[Event "II Trofeo Principado de Asturias"]
[Site "Grado"]
[Date "2024.03.28"]
[Round "6.3"]
[White "Olson, Hamish"]
[Black "Alonso Bouza, Julio Javier"]
[Result "1/2-1/2"]
[WhiteElo "2359"]
[BlackElo "2365"]
[PlyCount "36"]
[EventDate "2024.03.25"]
[EventType "tourn"]
[EventRounds "9"]
[EventCountry "ESP"]

1. d4 Nf6 2. Nf3 d5 3. Bf4 e6 4. e3 Bd6 5. Bxd6 cxd6 6. c4 dxc4 7. Bxc4 O-O 8.
Nc3 a6 9. O-O b5 10. Bd3 Bb7 11. a3 Nbd7 12. Qe2 e5 13. dxe5 dxe5 14. Bf5 Qe7
15. Bxd7 Nxd7 16. e4 Nf6 17. Rfd1 Rfd8 18. Rxd8+ Rxd8 1/2-1/2

[Event "II Trofeo Principado de Asturias"]
[Site "Grado"]
[Date "2024.03.28"]
[Round "6.4"]
[White "Sanchez Vigon, David"]
[Black "Gonzalez Guedes, Iyan"]
[Result "0-1"]
[WhiteElo "2227"]
[BlackElo "2280"]
[PlyCount "90"]
[EventDate "2024.03.25"]
[EventType "tourn"]
[EventRounds "9"]
[EventCountry "ESP"]

1. e4 c5 2. Nf3 d6 3. Bb5+ Nd7 4. c3 Ngf6 5. Qe2 a6 6. Ba4 e6 7. d4 b5 8. Bc2
Bb7 9. O-O Be7 10. Re1 Qc7 11. Bd3 b4 12. h3 O-O 13. Nbd2 a5 14. Nf1 a4 15. a3
c4 16. Bc2 b3 17. Bb1 e5 18. Ng3 Rfe8 19. d5 Bc8 20. Be3 Nf8 21. Nd2 Ba6 22.
Nf5 Ng6 23. g3 Nd7 24. h4 Bf6 25. h5 Ne7 26. g4 h6 27. Nf3 Nxf5 28. gxf5 Kf8
29. Kh1 Ke7 30. Rg1 Rh8 31. Nh2 Rag8 32. Qd2 Bg5 33. f4 Bf6 34. Ng4 exf4 35.
Bxf4 Ne5 36. Qf2 Nxg4 37. Rxg4 Be5 38. Rg1 Rd8 39. Be3 Rde8 40. Bb6 Qb8 41. Bd4
Rhg8 42. Rxg7 Rxg7 43. f6+ Kf8 44. fxg7+ Kg8 45. Bd3 cxd3 0-1

[Event "II Trofeo Principado de Asturias"]
[Site "Grado"]
[Date "2024.03.28"]
[Round "6.5"]
[White "Sierra Vallina, Lionel"]
[Black "Llaneza Vega, Marcos"]
[Result "1-0"]
[WhiteElo "2281"]
[BlackElo "2366"]
[PlyCount "78"]
[EventDate "2024.03.25"]
[EventType "tourn"]
[EventRounds "9"]
[EventCountry "ESP"]

1. e4 e5 2. Nf3 Nc6 3. Bc4 Nf6 4. d3 Bc5 5. Be3 Bb6 6. O-O d6 7. a4 h6 8. c3
O-O 9. h3 d5 10. exd5 Nxd5 11. Qe2 Be6 12. Nbd2 Re8 13. Bb5 Bd7 14. Rfe1 a6 15.
Bc4 Nxe3 16. fxe3 Bf5 17. Ne4 Qe7 18. Kh1 Rad8 19. Rf1 Be6 20. Nfd2 Qh4 21. Rf3
Rd7 22. Bxe6 Rxe6 23. Raf1 Re8 24. Nb3 Nd8 25. Rf6 Kh8 26. Kh2 gxf6 27. g3 Qxe4
28. dxe4 Rd6 29. a5 Ba7 30. Rd1 Ree6 31. Rxd6 Rxd6 32. Nd2 Ne6 33. Nc4 Rd8 34.
b4 c5 35. Qb2 Ng5 36. b5 Rd1 37. Kg2 axb5 38. Qxb5 Rd3 39. h4 Nxe4 1-0

[Event "II Trofeo Principado de Asturias"]
[Site "Grado"]
[Date "2024.03.29"]
[Round "7.1"]
[White "Alonso Garcia, Rene Marcial"]
[Black "Lohia, Sohum"]
[Result "1/2-1/2"]
[WhiteElo "2296"]
[BlackElo "2354"]
[PlyCount "23"]
[EventDate "2024.03.25"]
[EventType "tourn"]
[EventRounds "9"]
[EventCountry "ESP"]

1. d4 Nf6 2. c4 e6 3. g3 d5 4. Bg2 Be7 5. Nf3 O-O 6. O-O dxc4 7. Qc2 b6 8. Qxc4
Bb7 9. Bf4 c5 10. Rd1 Nbd7 11. Nc3 cxd4 12. Qxd4 1/2-1/2

[Event "II Trofeo Principado de Asturias"]
[Site "Grado"]
[Date "2024.03.29"]
[Round "7.2"]
[White "Llaneza Vega, Marcos"]
[Black "Martin Fuentes, Alberto"]
[Result "1/2-1/2"]
[WhiteElo "2366"]
[BlackElo "2372"]
[PlyCount "42"]
[EventDate "2024.03.25"]
[EventType "tourn"]
[EventRounds "9"]
[EventCountry "ESP"]

1. c4 c5 2. Nf3 g6 3. g3 Bg7 4. Bg2 Nc6 5. O-O d6 6. Nc3 Bd7 7. a3 Nf6 8. Rb1
a5 9. d3 O-O 10. Bg5 h6 11. Bd2 Ne8 12. Nb5 Qc8 13. Re1 Nc7 14. Bc3 Nxb5 15.
Bxg7 Kxg7 16. cxb5 Nd8 17. a4 Bh3 18. Bh1 e5 19. Nd2 Be6 20. e3 Qc7 21. d4 f5
1/2-1/2

[Event "II Trofeo Principado de Asturias"]
[Site "Grado"]
[Date "2024.03.29"]
[Round "7.3"]
[White "Gonzalez Guedes, Iyan"]
[Black "Sierra Vallina, Lionel"]
[Result "1/2-1/2"]
[WhiteElo "2280"]
[BlackElo "2281"]
[PlyCount "76"]
[EventDate "2024.03.25"]
[EventType "tourn"]
[EventRounds "9"]
[EventCountry "ESP"]

1. e4 c6 2. d4 d5 3. e5 Bf5 4. Nf3 e6 5. Be2 Nd7 6. O-O Ne7 7. Nbd2 h6 8. Nb3
g5 9. a4 Bg7 10. a5 O-O 11. h4 g4 12. Ne1 h5 13. Nd3 Ng6 14. g3 f6 15. exf6
Nxf6 16. Nf4 Qe7 17. Nxg6 Bxg6 18. Nc5 Ne4 19. Nxe4 Bxe4 20. Be3 e5 21. c3 Rf5
22. dxe5 Bxe5 23. Bd3 Rf3 24. Bxe4 dxe4 25. Qe2 Raf8 26. Qc4+ Qf7 27. Qxf7+
R8xf7 28. Bxa7 e3 29. Bxe3 Bxg3 30. fxg3 Rxg3+ 31. Kh2 Rxe3 32. Rxf7 Kxf7 33.
a6 bxa6 34. Rxa6 Rh3+ 35. Kg2 Rxh4 36. Rxc6 Rh3 37. b4 Rd3 38. Rh6 Rxc3 1/2-1/2

[Event "II Trofeo Principado de Asturias"]
[Site "Grado"]
[Date "2024.03.29"]
[Round "7.4"]
[White "Alonso Bouza, Julio Javier"]
[Black "Sanchez Vigon, David"]
[Result "1/2-1/2"]
[WhiteElo "2365"]
[BlackElo "2227"]
[PlyCount "69"]
[EventDate "2024.03.25"]
[EventType "tourn"]
[EventRounds "9"]
[EventCountry "ESP"]

1. e4 c6 2. c4 d5 3. exd5 cxd5 4. cxd5 Nf6 5. Nc3 Nxd5 6. Nf3 Nc6 7. d4 a6 8.
g3 g6 9. Bg2 Bg7 10. O-O Nxc3 11. bxc3 Be6 12. Rb1 O-O 13. Rxb7 Na5 14. Rb2 Rc8
15. Bd2 Nc4 16. Rb4 a5 17. Rb1 Bf5 18. Rb3 e5 19. dxe5 Nxd2 20. Qxd2 Qxd2 21.
Nxd2 Bxe5 22. c4 a4 23. Rb7 Bc3 24. Ne4 Be5 25. Re7 Rfe8 26. Rxe8+ Rxe8 27. c5
Rc8 28. Rc1 a3 29. c6 Be6 30. Nc3 Kf8 31. Bd5 Bxc3 32. Bxe6 Rxc6 33. Bd5 Rc7
34. Kg2 Be5 35. Rxc7 1/2-1/2

[Event "II Trofeo Principado de Asturias"]
[Site "Grado"]
[Date "2024.03.29"]
[Round "7.5"]
[White "Bottazzi, Ulysse"]
[Black "Olson, Hamish"]
[Result "0-1"]
[WhiteElo "2329"]
[BlackElo "2359"]
[PlyCount "110"]
[EventDate "2024.03.25"]
[EventType "tourn"]
[EventRounds "9"]
[EventCountry "ESP"]

1. e4 e5 2. Nf3 Nc6 3. Bb5 a6 4. Ba4 Nf6 5. O-O Be7 6. Re1 b5 7. Bb3 O-O 8. a4
b4 9. d3 d6 10. Nbd2 Be6 11. Nc4 h6 12. h3 Qc8 13. c3 Rd8 14. Bd2 Rb8 15. Rc1
Bf8 16. Ba2 Qd7 17. Be3 bxc3 18. bxc3 Ne7 19. Bd2 Ng6 20. d4 Nxe4 21. Rxe4 Bxc4
22. Bxc4 d5 23. Nxe5 Nxe5 24. Rxe5 dxc4 25. Qg4 Qxg4 26. hxg4 c5 27. Be3 cxd4
28. Bxd4 Ba3 29. Rce1 Rbc8 30. g3 f6 31. R5e4 Kf7 32. Kg2 Rd5 33. Rb1 Rc7 34.
Rb6 Ra5 35. Ree6 Ra7 36. Rec6 Rxa4 37. Rb8 Rd7 38. Rbc8 Bd6 39. Rxc4 Rxc4 40.
Rxc4 Be5 41. Bxe5 fxe5 42. Kf3 a5 43. Rc5 a4 44. Ke4 Ra7 45. Rb5 a3 46. Rb1 a2
47. Ra1 Ke6 48. Kd3 Kd5 49. c4+ Kc5 50. Kc3 e4 51. Kb3 g5 52. Kc3 Rf7 53. Kb3
Rxf2 54. Re1 e3 55. Rc1 e2 0-1

[Event "II Trofeo Principado de Asturias"]
[Site "Grado"]
[Date "2024.03.30"]
[Round "8.1"]
[White "Lohia, Sohum"]
[Black "Olson, Hamish"]
[Result "1/2-1/2"]
[WhiteElo "2354"]
[BlackElo "2359"]
[PlyCount "72"]
[EventDate "2024.03.25"]
[EventType "tourn"]
[EventRounds "9"]
[EventCountry "ESP"]

1. e4 e5 2. Nf3 Nc6 3. Bc4 Bc5 4. d3 Nf6 5. Nc3 d6 6. Na4 a6 7. Nxc5 dxc5 8. a4
Qd6 9. Be3 b6 10. h3 Be6 11. Nd2 Nd7 12. O-O O-O 13. f4 exf4 14. Bxf4 Nde5 15.
Kh1 Qd7 16. Bxe6 fxe6 17. Bxe5 Rxf1+ 18. Qxf1 Nxe5 19. Qf4 Ng6 20. Qe3 a5 21.
Nf3 Rf8 22. b3 Qd6 23. Qg5 Nf4 24. Qg3 Ne2 25. Qxd6 cxd6 26. Re1 Nd4 27. Nxd4
cxd4 28. Kg1 Rc8 29. Re2 Kf7 30. Kf2 g5 31. Kg3 Rc5 32. h4 Kg6 33. hxg5 Kxg5
34. Rf2 h5 35. Kh3 Rc7 36. Kg3 Rc5 1/2-1/2

[Event "II Trofeo Principado de Asturias"]
[Site "Grado"]
[Date "2024.03.30"]
[Round "8.2"]
[White "Sanchez Vigon, David"]
[Black "Bottazzi, Ulysse"]
[Result "1/2-1/2"]
[WhiteElo "2227"]
[BlackElo "2329"]
[PlyCount "71"]
[EventDate "2024.03.25"]
[EventType "tourn"]
[EventRounds "9"]
[EventCountry "ESP"]

1. e4 c5 2. Nf3 d6 3. Bb5+ Bd7 4. Bxd7+ Qxd7 5. c4 Nf6 6. Nc3 g6 7. d4 cxd4 8.
Nxd4 Bg7 9. f3 Qc7 10. b3 Qa5 11. Bb2 Nc6 12. Nxc6 bxc6 13. Qd2 O-O 14. O-O
Rfd8 15. Kh1 d5 16. cxd5 cxd5 17. e5 d4 18. exf6 dxc3 19. Bxc3 Rxd2 20. Bxa5
Rd5 21. fxg7 Rxa5 22. Rfe1 Rc8 23. Re2 e6 24. Kg1 Rd5 25. Kf1 Kxg7 26. Ke1 Kf6
27. Rd1 Rdc5 28. Rd7 Rc1+ 29. Kf2 R8c7 30. Rxc7 Rxc7 31. Ke1 e5 32. Kd1 Ke6 33.
Rc2 Rd7+ 34. Rd2 Rc7 35. Rc2 Rd7+ 36. Rd2 1/2-1/2

[Event "II Trofeo Principado de Asturias"]
[Site "Grado"]
[Date "2024.03.30"]
[Round "8.4"]
[White "Martin Fuentes, Alberto"]
[Black "Gonzalez Guedes, Iyan"]
[Result "1-0"]
[WhiteElo "2372"]
[BlackElo "2280"]
[PlyCount "103"]
[EventDate "2024.03.25"]
[EventType "tourn"]
[EventRounds "9"]
[EventCountry "ESP"]

1. e4 c5 2. Nf3 d6 3. c3 Nf6 4. h3 Nbd7 5. Bd3 a6 6. Bc2 b5 7. d4 Qc7 8. O-O
Bb7 9. d5 g6 10. a4 b4 11. c4 Bg7 12. Ra2 O-O 13. b3 e5 14. dxe6 fxe6 15. Re1
Rae8 16. Bf4 e5 17. Bg5 Nb8 18. Nbd2 Nc6 19. Bd3 Nh5 20. Nf1 Nf4 21. Ne3 Qf7
22. Bxf4 exf4 23. Nd5 h6 24. Bb1 Be5 25. Rd2 g5 26. Nb6 Nd4 27. Rxd4 Bxd4 28.
Nxd4 cxd4 29. f3 Qc7 30. Qxd4 Re5 31. Rd1 Rd8 32. Kf2 Qc5 33. Qxc5 Rxc5 34. h4
Kg7 35. hxg5 hxg5 36. g3 Kf6 37. Rh1 Bc6 38. Ke2 Rb8 39. Nd5+ Bxd5 40. exd5 Ke5
41. gxf4+ gxf4 42. Kd3 Rf8 43. Re1+ Kf5 44. Kd4+ Kg5 45. Re6 Rf6 46. Rxd6 Rxc4+
47. bxc4 Rxd6 48. c5 Rd8 49. c6 Kf6 50. c7 Rh8 51. d6 Ke6 52. Kc5 1-0

[Event "II Trofeo Principado de Asturias"]
[Site "Grado"]
[Date "2024.03.31"]
[Round "9.1"]
[White "Llaneza Vega, Marcos"]
[Black "Lohia, Sohum"]
[Result "1/2-1/2"]
[WhiteElo "2366"]
[BlackElo "2354"]
[PlyCount "62"]
[EventDate "2024.03.25"]
[EventType "tourn"]
[EventRounds "9"]
[EventCountry "ESP"]

1. Nf3 Nf6 2. g3 e6 3. Bg2 d5 4. O-O Be7 5. d3 c5 6. Nbd2 Nc6 7. e4 O-O 8. Re1
Qc7 9. Nf1 dxe4 10. dxe4 Rd8 11. Bd2 e5 12. c3 h6 13. Qc2 Be6 14. Nh4 c4 15.
Nf5 Bc5 16. Be3 Ne7 17. Bxc5 Qxc5 18. Rad1 g6 19. Nxe7+ Qxe7 20. Ne3 b5 21.
Rxd8+ Rxd8 22. Rd1 Rxd1+ 23. Qxd1 Qd7 24. Kf1 Qxd1+ 25. Nxd1 Nd7 26. Ke2 Kf8
27. Kd2 Ke7 28. f3 Nc5 29. Nf2 g5 30. Bf1 f6 31. Be2 a6 1/2-1/2

[Event "II Trofeo Principado de Asturias"]
[Site "Grado"]
[Date "2024.03.31"]
[Round "9.2"]
[White "Gonzalez Guedes, Iyan"]
[Black "Alonso Garcia, Rene Marcial"]
[Result "1/2-1/2"]
[WhiteElo "2280"]
[BlackElo "2296"]
[PlyCount "24"]
[EventDate "2024.03.25"]
[EventType "tourn"]
[EventRounds "9"]
[EventCountry "ESP"]

1. e4 e6 2. d4 d5 3. e5 c5 4. c3 Nc6 5. Nf3 Bd7 6. a3 f6 7. Bd3 Qc7 8. O-O
O-O-O 9. Re1 h6 10. Nbd2 c4 11. Bc2 f5 12. b3 cxb3 1/2-1/2

[Event "II Trofeo Principado de Asturias"]
[Site "Grado"]
[Date "2024.03.31"]
[Round "9.3"]
[White "Alonso Bouza, Julio Javier"]
[Black "Martin Fuentes, Alberto"]
[Result "1-0"]
[WhiteElo "2365"]
[BlackElo "2372"]
[PlyCount "101"]
[EventDate "2024.03.25"]
[EventType "tourn"]
[EventRounds "9"]
[EventCountry "ESP"]

1. e4 e6 2. d4 d5 3. Nc3 Bb4 4. e5 c5 5. a3 Ba5 6. b4 cxd4 7. Qg4 Ne7 8. bxa5
dxc3 9. Qxg7 Rg8 10. Qxh7 Nbc6 11. Nf3 Qc7 12. Bf4 Bd7 13. Qd3 Qxa5 14. h4 Rg4
15. g3 Ng6 16. h5 Nxf4 17. gxf4 Rxf4 18. h6 O-O-O 19. Be2 d4 20. Rh5 f5 21. Ng5
Be8 22. Rh3 Qxe5 23. h7 Bg6 24. Nxe6 Rg4 25. Kf1 Rh8 26. Bxg4 fxg4 27. Qxg6
gxh3 28. Re1 h2 29. Qg8+ Kd7 30. Rxe5 h1=Q+ 31. Ke2 Nxe5 32. Nf8+ Kc7 33. Qxh8
d3+ 34. cxd3 Qf3+ 35. Kf1 Qxd3+ 36. Kg2 Qe4+ 37. Kh2 Qf4+ 38. Kg2 Qg4+ 39. Kf1
Qh3+ 40. Ke1 Nd3+ 41. Kd1 Qf1+ 42. Kc2 Qe2+ 43. Kb3 Qd1+ 44. Kc4 b5+ 45. Kd4
Nb4+ 46. Ke4 Qd3+ 47. Kf4 c2 48. Ne6+ Kb6 49. Qb8+ Ka5 50. Qxa7+ Na6 51. Qxa6+
1-0

[Event "II Trofeo Principado de Asturias"]
[Site "Grado"]
[Date "2024.03.31"]
[Round "9.4"]
[White "Bottazzi, Ulysse"]
[Black "Sierra Vallina, Lionel"]
[Result "0-1"]
[WhiteElo "2329"]
[BlackElo "2281"]
[PlyCount "122"]
[EventDate "2024.03.25"]
[EventType "tourn"]
[EventRounds "9"]
[EventCountry "ESP"]

1. e4 c5 2. Nf3 d6 3. d4 cxd4 4. Nxd4 Nf6 5. Nc3 Nc6 6. Bc4 e6 7. Be3 a6 8. Qe2
Bd7 9. O-O-O b5 10. Bb3 Na5 11. f3 Be7 12. g4 O-O 13. Kb1 Rb8 14. g5 Ne8 15. f4
Nc7 16. Qg2 b4 17. Nce2 Nxb3 18. cxb3 Qc8 19. Ng3 Nb5 20. Rhf1 f6 21. gxf6 Bxf6
22. Nh5 Qe8 23. Nxf6+ Rxf6 24. Rg1 Rg6 25. Qd2 Bc6 26. Nxc6 Qxc6 27. Qd3 Rxg1
28. Rxg1 d5 29. Bd4 Nxd4 30. Qxd4 Qd7 31. Rd1 Rb5 32. Qe5 Qf7 33. exd5 exd5 34.
f5 d4 35. Qxd4 Qxf5+ 36. Qd3 h5 37. Qxf5 Rxf5 38. Rd2 Kh7 39. a3 a5 40. Kc2 g5
41. Rg2 Rd5 42. Re2 Kg6 43. Re4 Rf5 44. Re6+ Rf6 45. Re2 Rf3 46. Rd2 h4 47.
axb4 axb4 48. Rg2 Kf5 49. Rd2 Kg4 50. Rg2+ Kf4 51. Rd2 Ke3 52. Rd3+ Ke4 53. Rd2
g4 54. Re2+ Re3 55. Rf2 g3 56. hxg3 hxg3 57. Rf8 g2 58. Rg8 Kf3 59. Kd2 Re4 60.
Kd3 Rg4 61. Rf8+ Kg3 0-1

[Event "II Trofeo Principado de Asturias"]
[Site "Grado"]
[Date "2024.03.31"]
[Round "9.5"]
[White "Olson, Hamish"]
[Black "Sanchez Vigon, David"]
[Result "1/2-1/2"]
[WhiteElo "2359"]
[BlackElo "2227"]
[PlyCount "90"]
[EventDate "2024.03.25"]
[EventType "tourn"]
[EventRounds "9"]
[EventCountry "ESP"]

1. d4 d5 2. c4 e6 3. Nc3 Nf6 4. cxd5 exd5 5. Bg5 c6 6. e3 h6 7. Bh4 Be7 8. Bd3
O-O 9. Nge2 Re8 10. O-O Nbd7 11. a4 Nh5 12. Bxe7 Qxe7 13. a5 Ndf6 14. Ra3 g6
15. Qc2 Ng7 16. Na4 a6 17. Nc5 Bf5 18. Rb3 Rab8 19. Nc1 h5 20. h3 Ne4 21. Bxe4
dxe4 22. Rb6 Ne6 23. Nxe6 Bxe6 24. Qxe4 Qg5 25. Qe5 Qxe5 26. dxe5 Bc4 27. Rd1
Rxe5 28. Rd4 Bb5 29. Rd7 Rc5 30. Nb3 Rc2 31. Rd2 Rxd2 32. Nxd2 Rd8 33. Ne4 Rd1+
34. Kh2 Rb1 35. Rxb7 Rxb2 36. Nd6 Rxf2 37. Kg3 Rf6 38. Ne4 Re6 39. Kf4 Bc4 40.
g4 hxg4 41. hxg4 f6 42. Rb8+ Kg7 43. Rb7+ Kg8 44. Rb8+ Kg7 45. Rb7+ Kg8 1/2-1/2